Rheometers in scanning mode for cure of rubbers with low enthalpy: Effect of heating rate and rubber-die contact (Record no. 67092)

MARC details
000 -LEADER
fixed length control field 00544nam a2200181Ia 4500
100 ## - MAIN ENTRY--AUTHOR NAME
Personal name Rosca I D
245 #0 - TITLE STATEMENT
Title Rheometers in scanning mode for cure of rubbers with low enthalpy: Effect of heating rate and rubber-die contact
260 ## - PUBLICATION, DISTRIBUTION, ETC. (IMPRINT)
Name of publisher Plastics, Rubber and Composites
Year of publication 2004
300 ## - PHYSICAL DESCRIPTION
Number of Pages 130-136
650 ## - SUBJECT ADDED ENTRY--TOPICAL TERM
Topical Term Cure kinetics
650 ## - SUBJECT ADDED ENTRY--TOPICAL TERM
Topical Term Cure of rubbers
650 ## - SUBJECT ADDED ENTRY--TOPICAL TERM
Topical Term DSC in scanning mode
650 ## - SUBJECT ADDED ENTRY--TOPICAL TERM
Topical Term Heat transfer
700 ## - ADDED ENTRY--PERSONAL NAME
Personal name Granger R
700 ## - ADDED ENTRY--PERSONAL NAME
Personal name Vergnaud J M
942 ## - ADDED ENTRY ELEMENTS (KOHA)
Koha item type Journals
Holdings
Withdrawn status Lost status Damaged status Not for loan Home library Current library Shelving location Date acquired Serial Enumeration / chronology Koha item type
      Journals RRII Library RRII Library Rubber chemistry 17/12/2021 Volume 33, Issue 03-Feb Journals